Rapid application development in visual basic and visual C++ (Record no. 5797)

MARC details
000 -LEADER
fixed length control field 00559nam a2200157Ia 4500
003 - CONTROL NUMBER IDENTIFIER
control field SGT
082 ## - DEWEY DECIMAL CLASSIFICATION NUMBER
Classification number 5.133
Item number GUP
100 ## - MAIN ENTRY--PERSONAL NAME
Personal name Gupta,Meenu
245 ## - TITLE STATEMENT
Title Rapid application development in visual basic and visual C++
260 ## - PUBLICATION, DISTRIBUTION, ETC. (IMPRINT)
Name of publisher, distributor, etc Dhanpat Rai & Co.
Place of publication, distribution, etc N. Delhi
Year of Publication 2010
300 ## - PAGE DESCRIPTION
No. of Pages 260p.
650 ## - SUBJECT ADDED ENTRY--TOPICAL TERM
Topical term or geographic name as entry element COMPUTER SCIENCE
653 ## - KEYWORDS--INDEX TERM
Keyword term INTRODUCTION TO VISUAL PROGRAMMING ENVIRONMENT, PARTS OF VISUAL LC++PROGRAM,WORKING WITH KEYBOARD, MOUSE EVENTS AND CONTROLS,SERIALIZATION & FILE HANDLING,WIN32 STATIC DLL AND OLE
700 ## - ADDED ENTRY--PERSONAL NAME
Personal name Yadav,Rajeev
942 ## - ADDED ENTRY ELEMENTS (KOHA)
Source of classification or shelving scheme Dewey Decimal Classification
Koha item type Books
942 ## - ADDED ENTRY ELEMENTS (KOHA)
-- 3
Holdings
Withdrawn status Lost status Source of classification or shelving scheme Damaged status Use restrictions Not for loan Collection code Home library Current library Shelving location Date acquired SGTU Full call number Accession No. (Barcode) Date last seen Bill Date Koha item type Total Checkouts Date last borrowed
    Dewey Decimal Classification   Restricted Access Not For Loan ENGINEERING SGT Engineering Library SGT Engineering Library Reference Book 19/09/2013 SGTU 5.133 GUP FEBB7525 09/02/2015 09/02/2015 Books    
  Lost and Paid For Dewey Decimal Classification         SGT Engineering Library SGT Engineering Library   19/09/2013 SGTU 5.133 GUP FEBB7526 09/02/2015 09/02/2015 Books    
    Dewey Decimal Classification         SGT Engineering Library SGT Engineering Library   19/09/2013 SGTU 5.133 GUP FEBB7527 09/02/2015 09/02/2015 Books    
    Dewey Decimal Classification         SGT Engineering Library SGT Engineering Library   19/09/2013 SGTU 5.133 GUP FEBB7528 09/02/2015 09/02/2015 Books    
    Dewey Decimal Classification         SGT Engineering Library SGT Engineering Library   19/09/2013 SGTU 5.133 GUP FEBB7529 09/02/2015 09/02/2015 Books    
    Dewey Decimal Classification         SGT Engineering Library SGT Engineering Library   19/09/2013 SGTU 5.133 GUP FEBB7530 09/02/2015 09/02/2015 Books    
    Dewey Decimal Classification         SGT Engineering Library SGT Engineering Library   19/09/2013 SGTU 5.133 GUP FEBB7531 09/02/2015 09/02/2015 Books    
    Dewey Decimal Classification         SGT Engineering Library SGT Engineering Library   19/09/2013 SGTU 5.133 GUP FEBB7532 09/02/2015 09/02/2015 Books    
    Dewey Decimal Classification         SGT Engineering Library SGT Engineering Library   19/09/2013 SGTU 5.133 GUP FEBB7533 09/02/2015 09/02/2015 Books    
    Dewey Decimal Classification         SGT Engineering Library SGT Engineering Library   19/09/2013 SGTU 5.133 GUP FEBB7534 11/11/2024 09/02/2015 Books 3 11/11/2024